Can you click ex Yugoslavia countries Quiz Stats

 Plays Quiz not verified by Sporcle

Challenge
Share
Tweet
Embed
Score 0/7 Timer 00:30
0 Plays Today
% Correct
Bosnia and Herzegovina
90.4%
Serbia
89.1%
Croatia
87.8%
Montenegro
87.5%
Kosovo
86.5%
Macedonia
84.2%
Slovenia
80.5%

You're not logged in!

Compare scores with friends on all Sporcle quizzes.
OR
Log In

You Might Also Like...

Show Comments

Extras

Top Quizzes Today


Score Distribution

Your Account Isn't Verified!

In order to create a playlist on Sporcle, you need to verify the email address you used during registration. Go to your Sporcle Settings to finish the process.

Report this User

Report this user for behavior that violates our Community Guidelines.

Details: